| 000 | 00712nam a2200217Ia 4500 | ||
|---|---|---|---|
| 003 | IN-BaIIA | ||
| 008 | 211028s9999 xx 000 0 eng d | ||
| 040 | _cIIA Library | ||
| 080 |
_a(035)621 _bSCM |
||
| 100 |
_aOberg, Erik _99064 |
||
| 245 | 0 |
_aMachinery's handbook _ba reference book for the Mechanical Engineer, Draftsman, Toolmaker and Mechanist _cErik Oberg, Franklin D. Jones and Holbrook Horton |
|
| 250 | _a20th ed. | ||
| 260 |
_aNew York _bIndustrial Press _c1975 |
||
| 300 | _axi, 2483p. | ||
| 650 |
_a Handbooks-Machinery _99065 |
||
| 650 |
_a Machinery-Handbooks _99066 |
||
| 650 | _aNASA Thesaurus | ||
| 700 |
_aHorton, Holbrook _99067 |
||
| 700 |
_aJones, Franklin D. _99068 |
||
| 942 | _cBK | ||
| 999 |
_c5088 _d5088 |
||